| 000 | 00576nam a22001937a 4500 | ||
|---|---|---|---|
| 001 | 2888 | ||
| 003 | HMS | ||
| 005 | 20251027101718.0 | ||
| 008 | 251027e1936 cl ||||gr|||| 00| f spa | ||
| 040 |
_ahms _bspa _chms |
||
| 082 | 0 | 4 | _a813 L847 |
| 100 | 1 |
_aLondon, Jack, _d1876-1916 _94532 |
|
| 245 | 1 | 3 |
_aLa estupenda bestia / _cJack London ; Traducción de Guillermo Labarca H. _h[libro] |
| 260 |
_aSantiago de Chile : _bEdiciones Selectas, _c1936 |
||
| 300 |
_a116 páginas ; _c19 cm. |
||
| 490 | 0 | _aEmpresa letras | |
| 650 | 7 |
_aNovelas estadounidenses _94533 |
|
| 942 |
_2ddc _cCP _n0 |
||
| 999 |
_c2888 _d2888 |
||